HISTOLOGY : MADE EASY (Record no. 3648)

MARC details
000 -LEADER
fixed length control field 00364nam a2200145Ia 4500
008 - FIXED-LENGTH DATA ELEMENTS--GENERAL INFORMATION
fixed length control field 150201s2006 xx 000 0 und d
082 ## - DEWEY DECIMAL CLASSIFICATION NUMBER
Classification number 611.08
Item number H2006R
100 ## - MAIN ENTRY--PERSONAL NAME
Personal name RAO,NAGESH
245 ## - TITLE STATEMENT
Title HISTOLOGY : MADE EASY
250 ## - EDITION STATEMENT
Edition statement 1ST
260 ## - PUBLICATION, DISTRIBUTION, ETC. (IMPRINT)
Name of publisher, distributor, etc. C.B.S PUBLISHERS & DISTRIBUTERS
Place of publication, distribution, etc. DELHI
Date of publication, distribution, etc. 2006
300 ## - PHYSICAL DESCRIPTION
Extent 1-181
650 ## - SUBJECT ADDED ENTRY--TOPICAL TERM
Topical term or geographic name as entry element HUMAN HISTOLOGY
942 ## - ADDED ENTRY ELEMENTS (KOHA)
Source of classification or shelving scheme Dewey Decimal Classification
Koha item type Books
Koha issues (borrowed), all copies 2
Holdings
Withdrawn status Lost status Source of classification or shelving scheme Damaged status Not for loan Home library Current library Date acquired Source of acquisition Cost, normal purchase price Serial Enumeration / chronology SGTU Bill Number Total Checkouts Full call number Barcode Date last seen Date last checked out Bill Date Koha item type
    Dewey Decimal Classification     SGT Dental Library SGT Dental Library 15/01/2007 U.B.S.DELHI 200.00 1 SGTU 1048 2 611.08 H2006R FD4357 05/06/2025 05/06/2025 22/08/2012 Books
    Dewey Decimal Classification     SGT Dental Library SGT Dental Library 15/01/2007 U.B.S.DELHI 200.00 1 SGTU 1048 1 611.08 H2006R FD4358 07/08/2025 05/08/2025 22/08/2012 Books
    Dewey Decimal Classification     SGT Dental Library SGT Dental Library 15/01/2007 U.B.S.DELHI 200.00 1 SGTU 1048 3 611.08 H2006R FD4359 14/08/2025 14/08/2025 22/08/2012 Books
    Dewey Decimal Classification     SGT Dental Library SGT Dental Library 15/01/2007 U.B.S.DELHI 200.00 1 SGTU 1048 2 611.08 H2006R FD4360 12/08/2025 05/08/2025 22/08/2012 Books
    Dewey Decimal Classification     SGT Dental Library SGT Dental Library 15/01/2007 U.B.S.DELHI 200.00 1 SGTU 1048   611.08 H2006R FD4361 09/02/2015   22/08/2012 Books